00699nam a2200205 a 450000100060000000300090000600800410001502000150005604000280007108200220009911000490012124500620017026000700023230000100030265000180031265000310033065000410036165000490040265000420045112725CO-ViMGA141112s2004 ck r 000 u spa d a9582101555 aCO-ViMGAbspacCO-ViMGA04aR016 467986 A76bl aAsociación Instituto Linguistico de Verano10aBibliografía 1997 : b35 Años de servicio y Esperanza aSantafé de Bogotá : bInstituto Linguistico de Verano, c1997 a168p.14aBIBLIOGRAFIAS14aETNOLINGUISTICA - COLOMBIA14aETNOLOGIA - COLOMBIA - BIBLIOGRAFIAS14aLENGUAS INDIGENAS - COLOMBIA - BIBLIOGRAFIAS14aLINGUISTICA - COLOMBIA - BIBLIOGRAFIA